[Event "DEM U14 2021"]
[Site "Willingen GER"]
[Date "2021.08.25"]
[Round "4"]
[White "Danninger, Hugo"]
[Black "Pick, Max"]
[Result "1-0"]
[Termination "normal"]
[Board "16"]
[WhiteElo "1749"]
[BlackElo "1794"]
[WhiteClock "00:03:16"]
[BlackClock "00:01:48"]
[PlyCount "159"]
[WhiteFideId "16271246"]
[BlackFideId "16210883"]
[EventCountry "GER"]
[EventRounds "9"]
[EventType "swiss"]
[EventDate "2021.08.22"]

1. e4 {[%clk 1:30:52]} d5 {[%clk 1:30:49]} 2. exd5 {[%clk 1:30:55]} Nf6 {[%clk
1:31:02]} 3. Nc3 {[%clk 1:30:57]} Nxd5 {[%clk 1:30:13]} 4. Bc4 {[%clk 1:30:54]}
Nb6 {[%clk 1:29:46]} 5. Bb3 {[%clk 1:30:28]} Nc6 {[%clk 1:29:14]} 6. d3 {[%clk
1:29:15]} e5 {[%clk 1:26:38]} 7. Nge2 {[%clk 1:27:02]} Bg4 {[%clk 1:15:14]} 8.
Be3 {[%clk 1:25:26]} Qd7 {[%clk 1:12:24]} 9. Qd2 {[%clk 1:24:56]} O-O-O {[%clk
1:09:18]} 10. O-O-O {[%clk 1:23:22]} Bb4 {[%clk 1:08:11]} 11. f3 {[%clk
1:21:51]} Be6 {[%clk 1:06:01]} 12. Bxe6 {[%clk 1:20:41]} Qxe6 {[%clk 1:06:18]}
13. a3 {[%clk 1:20:50]} Nc4 {[%clk 1:02:20]} 14. Qe1 {[%clk 1:02:41]} Nxe3
{[%clk 1:01:33]} 15. axb4 {[%clk 1:02:20]} Nxb4 {[%clk 1:01:38]} 16. Rd2 {[%clk
0:51:43]} Qa6 {[%clk 1:01:21]} 17. Kb1 {[%clk 0:51:59]} Rd5 {[%clk 0:57:03]}
18. Nc1 {[%clk 0:50:23]} Ra5 {[%clk 0:55:11]} 19. Nb3 {[%clk 0:49:19]} Ned5
{[%clk 0:40:59]} 20. Nxa5 {[%clk 0:39:29]} Qxa5 {[%clk 0:39:46]} 21. Rd1 {[%clk
0:39:07]} Re8 {[%clk 0:32:09]} 22. Nxd5 {[%clk 0:31:10]} Qa2+ {[%clk 0:32:19]}
23. Kc1 {[%clk 0:31:31]} Nxd5 {[%clk 0:32:26]} 24. Qe4 {[%clk 0:30:19]} g6
{[%clk 0:31:12]} 25. Rhe1 {[%clk 0:16:14]} c6 {[%clk 0:28:04]} 26. c3 {[%clk
0:13:44]} f5 {[%clk 0:24:05]} 27. Qh4 {[%clk 0:11:04]} f4 {[%clk 0:07:09]} 28.
Qh3+ {[%clk 0:05:38]} Kb8 {[%clk 0:04:43]} 29. Qd7 {[%clk 0:03:56]} Rc8 {[%clk
0:02:29]} 30. Qd6+ {[%clk 0:03:07]} Ka8 {[%clk 0:02:54]} 31. Qxe5 {[%clk
0:02:27]} Ne3 {[%clk 0:01:51]} 32. Rxe3 {[%clk 0:02:22]} fxe3 {[%clk 0:02:15]}
33. Qxe3 {[%clk 0:02:46]} Qa1+ {[%clk 0:02:06]} 34. Kc2 {[%clk 0:03:08]} Qa4+
{[%clk 0:02:28]} 35. Kc1 {[%clk 0:02:40]} Qh4 {[%clk 0:01:09]} 36. h3 {[%clk
0:02:05]} Rd8 {[%clk 0:01:01]} 37. Qe4 {[%clk 0:01:28]} Qg5+ {[%clk 0:00:55]}
38. Rd2 {[%clk 0:01:32]} a5 {[%clk 0:00:45]} 39. Kc2 {[%clk 0:01:37]} Qc5
{[%clk 0:00:34]} 40. Qh4 {[%clk 0:01:25]} Rd7 {[%clk 0:00:37]} 41. Qc4 {[%clk
0:27:34]} Qb6 42. Re2 {[%clk 0:24:29]} Rd5 {[%clk 0:19:43]} 43. Qe4 {[%clk
0:19:49]} Rb5 {[%clk 0:18:08]} 44. Kc1 {[%clk 0:18:26]} Qg1+ {[%clk 0:18:08]}
45. Kc2 {[%clk 0:17:47]} Qa1 {[%clk 0:18:10]} 46. Qe8+ {[%clk 0:17:46]} Ka7
{[%clk 0:18:34]} 47. Qe3+ {[%clk 0:18:08]} Ka6 {[%clk 0:18:38]} 48. Qc1 {[%clk
0:18:20]} Qa4+ {[%clk 0:17:28]} 49. Kb1 {[%clk 0:18:00]} Qh4 {[%clk 0:13:28]}
50. Qe3 {[%clk 0:13:40]} Qf6 {[%clk 0:09:07]} 51. Kc2 {[%clk 0:12:33]} Qf7
{[%clk 0:07:59]} 52. Qe6 {[%clk 0:12:33]} Qf4 {[%clk 0:07:56]} 53. Qc4 {[%clk
0:11:22]} Qh2 {[%clk 0:06:50]} 54. d4 {[%clk 0:03:49]} Ka7 {[%clk 0:03:02]} 55.
Qd3 {[%clk 0:03:44]} Qg1 {[%clk 0:02:52]} 56. Qe3 {[%clk 0:02:53]} Qa1 {[%clk
0:02:59]} 57. Qc1 {[%clk 0:02:49]} Qa2 {[%clk 0:02:54]} 58. Re5 {[%clk
0:02:09]} Qa4+ {[%clk 0:01:07]} 59. Kd3 {[%clk 0:00:59]} Rxe5 {[%clk 0:00:33]}
60. dxe5 {[%clk 0:01:22]} Qb5+ {[%clk 0:00:51]} 61. Ke4 {[%clk 0:01:33]} Qc4+
{[%clk 0:00:42]} 62. Ke3 {[%clk 0:01:50]} Qc5+ {[%clk 0:00:58]} 63. Kf4 {[%clk
0:01:34]} Qf8+ {[%clk 0:00:43]} 64. Kg3 {[%clk 0:01:49]} Qc5 {[%clk 0:00:49]}
65. Qf4 {[%clk 0:01:54]} Qe7 {[%clk 0:00:41]} 66. h4 {[%clk 0:01:40]} Kb8
{[%clk 0:00:35]} 67. Qf6 {[%clk 0:01:37]} Qe8 {[%clk 0:00:40]} 68. f4 {[%clk
0:01:42]} Kc8 {[%clk 0:00:37]} 69. Kg4 {[%clk 0:01:50]} h6 {[%clk 0:00:33]} 70.
e6 {[%clk 0:01:09]} Kc7 {[%clk 0:00:33]} 71. Qf7+ {[%clk 0:01:21]} Kd8 {[%clk
0:00:57]} 72. h5 {[%clk 0:01:34]} gxh5+ {[%clk 0:00:41]} 73. Kxh5 {[%clk
0:01:57]} b5 {[%clk 0:00:34]} 74. Kxh6 {[%clk 0:01:58]} b4 {[%clk 0:00:51]} 75.
cxb4 {[%clk 0:02:12]} axb4 {[%clk 0:01:16]} 76. Kg7 {[%clk 0:01:49]} c5 {[%clk
0:01:12]} 77. f5 {[%clk 0:02:15]} c4 {[%clk 0:01:04]} 78. f6 {[%clk 0:02:35]}
c3 {[%clk 0:01:24]} 79. Qxe8+ {[%clk 0:02:57]} Kxe8 {[%clk 0:01:48]} 80. f7+
{[%clk 0:03:16]} 1-0

[Event "DEM U14 2021"]
[Site "Willingen GER"]
[Date "2021.08.25"]
[Round "4"]
[White "Andrade, Ruben"]
[Black "Schwartz, Oliver"]
[Result "1/2-1/2"]
[Termination "normal"]
[Board "17"]
[WhiteElo "1638"]
[BlackElo "1896"]
[WhiteClock "00:07:47"]
[BlackClock "00:06:48"]
[PlyCount "103"]
[WhiteFideId "16246829"]
[BlackFideId "16207459"]
[EventCountry "GER"]
[EventRounds "9"]
[EventType "swiss"]
[EventDate "2021.08.22"]

1. e4 {[%clk 1:30:58]} c5 {[%clk 1:30:55]} 2. Nf3 {[%clk 1:31:22]} d6 {[%clk
1:30:53]} 3. d4 {[%clk 1:31:42]} cxd4 {[%clk 1:31:18]} 4. Nxd4 {[%clk 1:32:07]}
Nf6 {[%clk 1:31:38]} 5. Nc3 {[%clk 1:32:28]} g6 {[%clk 1:31:54]} 6. Be3 {[%clk
1:32:39]} Bg7 {[%clk 1:32:09]} 7. f3 {[%clk 1:32:49]} O-O {[%clk 1:32:28]} 8.
Qd2 {[%clk 1:33:09]} Nc6 {[%clk 1:32:39]} 9. O-O-O {[%clk 1:31:43]} d5 {[%clk
1:32:17]} 10. Nxc6 {[%clk 1:24:52]} bxc6 {[%clk 1:32:31]} 11. exd5 {[%clk
1:23:09]} cxd5 {[%clk 1:28:33]} 12. Nxd5 {[%clk 1:22:22]} Nxd5 {[%clk 1:28:56]}
13. Qxd5 {[%clk 1:22:47]} Qc7 {[%clk 1:29:19]} 14. Qxa8 {[%clk 1:10:51]} Bf5
{[%clk 1:29:09]} 15. Qxf8+ {[%clk 1:11:11]} Bxf8 {[%clk 1:28:06]} 16. Bd3
{[%clk 1:10:37]} Be6 {[%clk 1:23:40]} 17. Kb1 {[%clk 1:01:57]} Bg7 {[%clk
1:14:01]} 18. Be4 {[%clk 0:54:08]} f5 {[%clk 1:05:50]} 19. Bd5 {[%clk 0:49:17]}
Bxd5 {[%clk 1:05:06]} 20. Rxd5 {[%clk 0:49:42]} Bxb2 {[%clk 1:03:28]} 21. Rb5
{[%clk 0:43:55]} Bf6 {[%clk 1:02:04]} 22. Bc1 {[%clk 0:40:19]} Be5 {[%clk
0:46:19]} 23. h3 {[%clk 0:32:16]} a6 {[%clk 0:42:14]} 24. Rb3 {[%clk 0:30:42]}
Qc4 {[%clk 0:28:25]} 25. Re1 {[%clk 0:24:15]} Bd6 {[%clk 0:28:15]} 26. Bb2
{[%clk 0:21:38]} Bg3 {[%clk 0:23:49]} 27. Rc1 {[%clk 0:18:44]} Qe2 {[%clk
0:21:38]} 28. c4 {[%clk 0:17:29]} Qxg2 {[%clk 0:17:56]} 29. c5 {[%clk 0:15:10]}
Qxh3 {[%clk 0:13:05]} 30. f4 {[%clk 0:12:09]} Qg2 {[%clk 0:08:10]} 31. Rxg3
{[%clk 0:08:37]} Qxg3 {[%clk 0:07:32]} 32. c6 {[%clk 0:09:01]} Qd3+ {[%clk
0:07:52]} 33. Ka1 {[%clk 0:09:15]} Qd8 {[%clk 0:08:03]} 34. c7 {[%clk 0:09:41]}
Qc8 {[%clk 0:08:29]} 35. Be5 {[%clk 0:09:34]} Kf7 {[%clk 0:08:16]} 36. Rb1
{[%clk 0:05:03]} Qd7 {[%clk 0:06:43]} 37. Rc1 {[%clk 0:05:11]} Qc8 {[%clk
0:06:54]} 38. Rd1 {[%clk 0:01:55]} Qb7 {[%clk 0:06:41]} 39. Rd8 {[%clk
0:01:41]} Qh1+ {[%clk 0:06:52]} 40. Kb2 {[%clk 0:02:06]} Qb7+ {[%clk 0:05:36]}
41. Kc3 {[%clk 0:24:41]} Qc6+ {[%clk 0:34:45]} 42. Kd3 {[%clk 0:23:19]} Qe4+
{[%clk 0:27:42]} 43. Kc3 {[%clk 0:20:55]} Qc6+ {[%clk 0:28:04]} 44. Kd4 {[%clk
0:19:59]} Qb6+ {[%clk 0:27:44]} 45. Kd3 {[%clk 0:19:33]} Qb5+ {[%clk 0:26:32]}
46. Kd2 {[%clk 0:19:28]} Qb4+ {[%clk 0:26:09]} 47. Ke2 {[%clk 0:18:15]} Qc4+
{[%clk 0:15:44]} 48. Ke1 {[%clk 0:08:12]} Qc1+ {[%clk 0:06:18]} 49. Kf2 {[%clk
0:08:10]} Qc2+ {[%clk 0:06:36]} 50. Kg3 {[%clk 0:07:57]} Qc1 {[%clk 0:06:27]}
51. c8=Q {[%clk 0:07:47]} Qe3+ {[%clk 0:06:48]} 52. Kg2 1/2-1/2

[Event "DEM U14 2021"]
[Site "Willingen GER"]
[Date "2021.08.25"]
[Round "4"]
[White "Schön, Florian"]
[Black "Kieselbach, Marvin"]
[Result "1-0"]
[Termination "normal"]
[Board "18"]
[WhiteElo "1642"]
[BlackElo "1592"]
[WhiteClock "00:10:48"]
[BlackClock "00:04:35"]
[PlyCount "61"]
[WhiteFideId "16259394"]
[BlackFideId "16235770"]
[EventCountry "GER"]
[EventRounds "9"]
[EventType "swiss"]
[EventDate "2021.08.22"]

1. e4 {[%clk 1:30:57]} e6 {[%clk 1:30:46]} 2. d4 {[%clk 1:31:23]} d5 {[%clk
1:31:11]} 3. Nc3 {[%clk 1:31:50]} Bb4 {[%clk 1:31:31]} 4. exd5 {[%clk 1:27:18]}
exd5 {[%clk 1:31:51]} 5. Bd3 {[%clk 1:27:44]} Nf6 {[%clk 1:31:40]} 6. a3 {[%clk
1:22:47]} Bd6 {[%clk 1:30:04]} 7. h3 {[%clk 1:14:49]} c6 {[%clk 1:29:52]} 8.
Qf3 {[%clk 1:13:19]} Be6 {[%clk 1:29:08]} 9. Nge2 {[%clk 1:12:24]} Nbd7 {[%clk
1:27:34]} 10. O-O {[%clk 1:11:13]} h6 {[%clk 1:26:28]} 11. Nf4 {[%clk 1:08:07]}
Nf8 {[%clk 1:19:22]} 12. Bd2 {[%clk 1:00:17]} Qc7 {[%clk 1:17:31]} 13. b4
{[%clk 0:59:09]} N6h7 {[%clk 0:50:26]} 14. Rfe1 {[%clk 0:46:58]} O-O-O {[%clk
0:38:05]} 15. Bxh7 {[%clk 0:39:10]} Rxh7 {[%clk 0:36:27]} 16. b5 {[%clk
0:36:33]} g5 {[%clk 0:34:30]} 17. Nxe6 {[%clk 0:31:17]} fxe6 {[%clk 0:32:41]}
18. Qd3 {[%clk 0:27:35]} c5 {[%clk 0:21:30]} 19. dxc5 {[%clk 0:25:14]} Bxc5
{[%clk 0:21:38]} 20. Na4 {[%clk 0:23:52]} Bd6 {[%clk 0:21:28]} 21. b6 {[%clk
0:17:26]} axb6 {[%clk 0:21:08]} 22. Be3 {[%clk 0:17:01]} Bc5 {[%clk 0:21:13]}
23. Qb5 {[%clk 0:16:36]} d4 {[%clk 0:20:15]} 24. Bd2 {[%clk 0:16:18]} e5 {[%clk
0:20:22]} 25. Rab1 {[%clk 0:15:37]} Nd7 {[%clk 0:20:27]} 26. Bb4 {[%clk
0:15:06]} Rf8 {[%clk 0:17:50]} 27. Nxb6+ {[%clk 0:13:40]} Kd8 {[%clk 0:10:47]}
28. Nxd7 {[%clk 0:13:10]} Bxb4 {[%clk 0:10:54]} 29. Qxb4 {[%clk 0:12:39]} Rxf2
{[%clk 0:06:04]} 30. Kxf2 {[%clk 0:11:15]} Kxd7 {[%clk 0:04:35]} 31. Qxb7
{[%clk 0:10:48]} 1-0

[Event "DEM U14 2021"]
[Site "Willingen GER"]
[Date "2021.08.25"]
[Round "4"]
[White "Schott, Andy"]
[Black "Hayen, Andre"]
[Result "0-1"]
[Termination "normal"]
[Board "19"]
[WhiteElo "1555"]
[BlackElo "1438"]
[WhiteClock "00:34:11"]
[BlackClock "01:19:54"]
[PlyCount "44"]
[WhiteFideId "16244940"]
[BlackFideId "16278984"]
[EventCountry "GER"]
[EventRounds "9"]
[EventType "swiss"]
[EventDate "2021.08.22"]

1. c4 {[%clk 1:30:52]} c6 {[%clk 1:30:58]} 2. Nf3 {[%clk 1:31:16]} d5 {[%clk
1:31:26]} 3. e3 {[%clk 1:31:39]} Nf6 {[%clk 1:31:52]} 4. Nc3 {[%clk 1:32:02]}
e6 {[%clk 1:32:17]} 5. b3 {[%clk 1:32:28]} Be7 {[%clk 1:32:40]} 6. Bb2 {[%clk
1:32:53]} b6 {[%clk 1:32:51]} 7. Qc2 {[%clk 1:32:45]} Bb7 {[%clk 1:33:15]} 8.
Be2 {[%clk 1:32:43]} c5 {[%clk 1:33:23]} 9. cxd5 {[%clk 1:30:18]} exd5 {[%clk
1:33:04]} 10. O-O {[%clk 1:25:54]} Nc6 {[%clk 1:31:35]} 11. d4 {[%clk 1:22:30]}
cxd4 {[%clk 1:31:09]} 12. Nxd4 {[%clk 1:22:52]} Nxd4 {[%clk 1:31:34]} 13. exd4
{[%clk 1:23:17]} O-O {[%clk 1:30:28]} 14. Rfe1 {[%clk 1:21:18]} Rc8 {[%clk
1:29:57]} 15. Rac1 {[%clk 1:20:00]} Ne4 {[%clk 1:25:50]} 16. f3 {[%clk
1:13:27]} Nxc3 {[%clk 1:24:29]} 17. Bxc3 {[%clk 1:13:48]} Bg5 {[%clk 1:24:39]}
18. Rcd1 {[%clk 1:13:10]} Qc7 {[%clk 1:24:53]} 19. Rd3 {[%clk 0:51:33]} Ba6
{[%clk 1:24:09]} 20. Red1 {[%clk 0:51:08]} Bxd3 {[%clk 1:21:58]} 21. Rxd3
{[%clk 0:51:35]} Rfe8 {[%clk 1:19:54]} 22. Qb1 {[%clk 0:34:11]} Rxe2 0-1

[Event "DEM U14 2021"]
[Site "Willingen GER"]
[Date "2021.08.25"]
[Round "4"]
[White "Aumüller, Naum"]
[Black "Leubner, Paul Damdin"]
[Result "1-0"]
[Termination "normal"]
[Board "20"]
[WhiteElo "1674"]
[BlackElo "1407"]
[WhiteClock "00:08:06"]
[BlackClock "00:01:04"]
[PlyCount "53"]
[WhiteFideId "16263960"]
[BlackFideId "16265858"]
[EventCountry "GER"]
[EventRounds "9"]
[EventType "swiss"]
[EventDate "2021.08.22"]

1. e4 {[%clk 1:30:57]} c5 {[%clk 1:30:49]} 2. Nf3 {[%clk 1:31:21]} d6 {[%clk
1:31:04]} 3. d4 {[%clk 1:31:47]} cxd4 {[%clk 1:31:01]} 4. Nxd4 {[%clk 1:32:11]}
Nf6 {[%clk 1:30:59]} 5. Nc3 {[%clk 1:32:29]} a6 {[%clk 1:30:59]} 6. Be3 {[%clk
1:32:38]} e5 {[%clk 1:30:40]} 7. Nb3 {[%clk 1:33:00]} Be6 {[%clk 1:30:45]} 8.
f3 {[%clk 1:32:33]} Be7 {[%clk 1:30:32]} 9. Qd2 {[%clk 1:32:13]} h5 {[%clk
1:29:56]} 10. O-O-O {[%clk 1:31:48]} Nbd7 {[%clk 1:28:27]} 11. Kb1 {[%clk
1:31:17]} b5 {[%clk 1:26:17]} 12. Nd5 {[%clk 1:29:54]} Nxd5 {[%clk 1:25:25]}
13. exd5 {[%clk 1:30:14]} Bf5 {[%clk 1:25:43]} 14. Bd3 {[%clk 1:28:56]} Bxd3
{[%clk 1:23:48]} 15. Qxd3 {[%clk 1:29:05]} O-O {[%clk 1:22:25]} 16. g4 {[%clk
1:13:03]} hxg4 {[%clk 1:14:17]} 17. fxg4 {[%clk 1:11:18]} b4 {[%clk 1:04:04]}
18. h4 {[%clk 1:04:16]} a5 {[%clk 0:52:50]} 19. g5 {[%clk 0:56:29]} a4 {[%clk
0:40:55]} 20. Nd2 {[%clk 0:52:23]} Rc8 {[%clk 0:21:01]} 21. Ne4 {[%clk
0:44:01]} f5 {[%clk 0:13:20]} 22. gxf6 {[%clk 0:41:33]} Nxf6 {[%clk 0:10:25]}
23. Ng5 {[%clk 0:29:11]} Qe8 {[%clk 0:05:27]} 24. Rdf1 {[%clk 0:23:16]} Qh5
{[%clk 0:02:53]} 25. Ne6 {[%clk 0:21:37]} Rf7 {[%clk 0:01:59]} 26. Rfg1 {[%clk
0:10:34]} Rb8 {[%clk 0:01:04]} 27. Rh3 {[%clk 0:08:06]} 1-0

[Event "DEM U14 2021"]
[Site "Willingen GER"]
[Date "2021.08.25"]
[Round "4"]
[White "Pfeffer, Samuel"]
[Black "Udelnov, Valentin"]
[Result "0-1"]
[Termination "normal"]
[Board "22"]
[WhiteElo "1487"]
[BlackElo "1728"]
[WhiteClock "00:01:20"]
[BlackClock "01:03:07"]
[PlyCount "78"]
[WhiteFideId "16249160"]
[BlackFideId "16265734"]
[EventCountry "GER"]
[EventRounds "9"]
[EventType "swiss"]
[EventDate "2021.08.22"]

1. d4 {[%clk 1:30:50]} Nf6 {[%clk 1:30:52]} 2. c4 {[%clk 1:30:28]} g6 {[%clk
1:31:07]} 3. Nc3 {[%clk 1:30:19]} Bg7 {[%clk 1:31:32]} 4. g3 {[%clk 1:29:34]}
O-O {[%clk 1:31:48]} 5. Bg2 {[%clk 1:29:32]} c5 {[%clk 1:31:52]} 6. Nf3 {[%clk
1:28:45]} cxd4 {[%clk 1:31:47]} 7. Nxd4 {[%clk 1:27:56]} Nc6 {[%clk 1:32:10]}
8. Nc2 {[%clk 1:26:34]} Qa5 {[%clk 1:28:04]} 9. O-O {[%clk 1:24:54]} d6 {[%clk
1:25:28]} 10. Bd2 {[%clk 1:20:17]} Qc5 {[%clk 1:24:14]} 11. Ne3 {[%clk
1:19:26]} Qh5 {[%clk 1:22:41]} 12. Ned5 {[%clk 1:12:13]} Nxd5 {[%clk 1:21:16]}
13. cxd5 {[%clk 1:10:22]} Ne5 {[%clk 1:21:06]} 14. b3 {[%clk 1:06:02]} Bh3
{[%clk 1:16:09]} 15. Rc1 {[%clk 1:03:30]} Ng4 {[%clk 1:15:35]} 16. Bf3 {[%clk
0:57:11]} Bxf1 {[%clk 1:15:22]} 17. Bxg4 {[%clk 0:57:17]} Qxg4 {[%clk 1:15:48]}
18. Qxf1 {[%clk 0:57:23]} Rac8 {[%clk 1:14:44]} 19. Nd1 {[%clk 0:50:18]} Rxc1
{[%clk 1:14:04]} 20. Bxc1 {[%clk 0:44:37]} Rc8 {[%clk 1:14:33]} 21. Bf4 {[%clk
0:41:44]} Qf5 {[%clk 1:11:14]} 22. Qg2 {[%clk 0:30:37]} Qc2 {[%clk 1:11:32]}
23. Ne3 {[%clk 0:27:01]} Qxa2 {[%clk 1:11:43]} 24. Qf3 {[%clk 0:23:53]} Qxb3
{[%clk 1:10:40]} 25. h4 {[%clk 0:19:47]} a5 {[%clk 1:06:17]} 26. h5 {[%clk
0:18:02]} gxh5 {[%clk 1:05:32]} 27. Qxh5 {[%clk 0:18:17]} Qb1+ {[%clk 1:05:55]}
28. Kg2 {[%clk 0:18:33]} Qg6 {[%clk 1:06:21]} 29. Qh3 {[%clk 0:18:35]} Rc7
{[%clk 1:05:53]} 30. Nf5 {[%clk 0:18:47]} a4 {[%clk 1:04:30]} 31. e4 {[%clk
0:18:03]} a3 {[%clk 1:04:16]} 32. Bh6 {[%clk 0:01:26]} Bxh6 {[%clk 1:03:51]}
33. Nxh6+ {[%clk 0:01:36]} Kh8 {[%clk 1:02:22]} 34. Qh1 {[%clk 0:01:34]} Qxe4+
{[%clk 1:02:24]} 35. f3 {[%clk 0:02:00]} Rc2+ {[%clk 1:02:44]} 36. Kh3 {[%clk
0:02:24]} Qg6 {[%clk 1:02:30]} 37. Qa1+ {[%clk 0:00:52]} f6 {[%clk 1:02:55]}
38. Qd4 {[%clk 0:00:53]} Qxh6+ {[%clk 1:03:07]} 39. Kg4 {[%clk 0:01:20]} Qg5+
0-1

[Event "DEM U14 2021"]
[Site "Willingen GER"]
[Date "2021.08.25"]
[Round "4"]
[White "Kieselbach, Jannik"]
[Black "Amrhein, Dennis"]
[Result "1-0"]
[Termination "normal"]
[Board "23"]
[WhiteElo "1462"]
[BlackElo "1267"]
[WhiteClock "00:02:58"]
[BlackClock "00:16:22"]
[PlyCount "93"]
[WhiteFideId "16246403"]
[BlackFideId "16254570"]
[EventCountry "GER"]
[EventRounds "9"]
[EventType "swiss"]
[EventDate "2021.08.22"]

1. e4 {[%clk 1:30:57]} d5 {[%clk 1:30:56]} 2. exd5 {[%clk 1:31:18]} Qxd5 {[%clk
1:31:22]} 3. Nc3 {[%clk 1:31:32]} Qa5 {[%clk 1:31:46]} 4. d4 {[%clk 1:30:38]}
Nf6 {[%clk 1:31:54]} 5. Bd3 {[%clk 1:28:51]} Nc6 {[%clk 1:31:56]} 6. Nge2
{[%clk 1:26:43]} Bg4 {[%clk 1:26:04]} 7. f3 Bf5 8. O-O {[%clk 1:20:28]} Bxd3
{[%clk 1:23:06]} 9. Qxd3 {[%clk 1:20:07]} O-O-O {[%clk 1:19:39]} 10. Be3 {[%clk
1:10:59]} e6 {[%clk 1:14:50]} 11. Ne4 {[%clk 1:06:10]} Nd5 12. Bf2 Be7 {[%clk
0:52:23]} 13. a3 {[%clk 1:04:27]} f5 {[%clk 0:52:04]} 14. Nd2 {[%clk 1:02:54]}
g5 15. c4 {[%clk 0:55:14]} Nf4 {[%clk 0:45:31]} 16. Nxf4 {[%clk 0:50:14]} gxf4
17. Rfe1 {[%clk 0:49:07]} Nxd4 {[%clk 0:40:12]} 18. Bxd4 {[%clk 0:49:07]} Rxd4
{[%clk 0:40:19]} 19. Qe2 {[%clk 0:48:16]} Qxd2 {[%clk 0:39:47]} 20. Qxe6+
{[%clk 0:47:56]} Kb8 {[%clk 0:32:46]} 21. Qxe7 {[%clk 0:38:41]} a6 22. Qe6
{[%clk 0:16:35]} Qxb2 {[%clk 0:30:22]} 23. Rab1 {[%clk 0:14:06]} Qxa3 {[%clk
0:30:01]} 24. Qc6 {[%clk 0:13:19]} b6 {[%clk 0:29:08]} 25. Rxb6+ {[%clk
0:12:01]} cxb6 {[%clk 0:29:13]} 26. Qxb6+ {[%clk 0:12:09]} Kc8 {[%clk 0:24:49]}
27. Qxd4 {[%clk 0:12:06]} Rd8 {[%clk 0:23:48]} 28. Qxf4 {[%clk 0:08:46]} Qd3
{[%clk 0:16:39]} 29. h3 {[%clk 0:02:50]} Qd4+ {[%clk 0:15:08]} 30. Qxd4 {[%clk
0:03:07]} Rxd4 {[%clk 0:15:33]} 31. Rc1 {[%clk 0:02:51]} Kc7 {[%clk 0:15:47]}
32. Kf2 {[%clk 0:02:15]} Kc6 {[%clk 0:16:01]} 33. Ra1 {[%clk 0:01:47]} Kb6
{[%clk 0:16:09]} 34. Ra4 {[%clk 0:01:41]} Rd2+ {[%clk 0:15:39]} 35. Kg3 {[%clk
0:01:41]} a5 {[%clk 0:15:16]} 36. Kf4 Rb2 {[%clk 0:14:46]} 37. Kxf5 {[%clk
0:01:26]} Rb4 38. Rxb4+ {[%clk 0:01:07]} axb4 {[%clk 0:15:18]} 39. Ke4 {[%clk
0:01:29]} b3 {[%clk 0:15:03]} 40. Kd3 {[%clk 0:01:54]} b2 {[%clk 0:15:25]} 41.
Kc2 {[%clk 0:02:05]} Kc5 {[%clk 0:15:37]} 42. Kxb2 {[%clk 0:02:24]} Kxc4 {[%clk
0:16:03]} 43. f4 {[%clk 0:02:16]} Kd4 {[%clk 0:16:12]} 44. f5 {[%clk 0:02:30]}
Ke5 {[%clk 0:16:30]} 45. g4 {[%clk 0:02:41]} h5 {[%clk 0:16:10]} 46. Kc3 {[%clk
0:02:35]} hxg4 {[%clk 0:16:22]} 47. hxg4 {[%clk 0:02:58]} 1-0